000 00404nmm a2200145Ia 4500
008 251105s9999||||xx |||||||||||||||||und||
041 _aspa
100 _aMoreto, Agustín
245 0 _aIndustrias contra finezas
264 _a[Madrid, España] :
_bSaga Egmont,
_c2020
300 _a66 páginas
650 _aSpanish theater
856 _uhttps://public.digitaliapublishing.com/a/99941
942 _cCF
999 _c106742
_d106742